| 000 | 00658nam a22001457a 4500 | ||
|---|---|---|---|
| 003 | NUST | ||
| 008 | 220816b ||||| |||| 00| 0 eng d | ||
| 020 | _a978-1-0-8153-9364-1 | ||
| 082 | _a006.4, ARY | ||
| 245 |
_aThe Biometric Computing/ _bRecognition and Registration _cEdited by Karm Veer Arya, Robin Singh Bhadoria |
||
| 260 |
_aNew York _bCRC Press _c2020 |
||
| 300 | _axiii, 289:pages | ||
| 505 | _aPart I: The Biometric Computing – Fundamentals & Definitions (Page-1), Part II: The Biometric Computing - Algorithms & Methodologies (Page-113), Part III: The Biometric Computing – Futuristic Research & Case Studies (Page-215). | ||
| 942 |
_2ddc _cBK |
||
| 999 |
_c591061 _d591061 |
||